Регионална библиотека "Любен Каравелов" - Русе

Подир слепите пастири (Запис номер 76052)

MARC детайли
000 -Лидер
Контролно поле с фиксирана дължина 01417nam a2200349 c 4500
003 - Код на организацията, давaща контролен номер
Контролно поле BLK
005 - Дата и час на последна редакция
Контролно поле 20180422103545.0
008 - Елементи от данни с фиксирана дължина
fixed length control field 180408b bul|||||r ||||||| ||bul||
010 ## - Наследен системен номер
LC control number KNG00080478000
020 ## - Международен стандартен номер на книга ISBN
Международен стандартен номер на книга ISBN 954-91854-7-8
-- издат.: Ахат
040 ## - Източник на каталожния запис
Идентификатор на билиотеката - собственик на записа BLK
041 ## - Код за език
Код за езика на текст/звукозапис или на отделно заглавие Български
Код за езика КДБФ Български
080 ## - УДК
Текстов определител УДК Демокрация
УДК код - определител по УДК 321.7
УДК определител (497.2)(08)
УДК - код + определител 321.7(497.2)(08)
080 ## - УДК
Текстов определител УДК Социално поведение. Социална психология
УДК код - определител по УДК 316.6
УДК определител (=867)(08)
УДК - код + определител 316.6(=867)(08)
100 1# - Редна дума - Автор
Автор Иванов, Петър Иванов
Авторска отговорност първи автор
R(LIN) 370569
139 ## - Редно поле
Редна дума Иванов, Петър Иванов
Авторски знак Иванов - И 21
245 10 - Сведения за заглавието
Заглавие Подир слепите пастири
Подзаглавни данни Зловещи истини за посткомунизма в България
Редно поле (дума) Петър Иванов Иванов.
257 ## - Страна на издаване
Страна на създаване/издаване България
260 ## - Област на издателските данни
-- Русе
Име на издателя, разпространителя и проч. Ахат
Година на издаване 2007
Печатница В. Търново : Абагар
300 ## - Физическа характеристика
Страници 256 с.
Илюстрации и др. с табл., сх.
Размери/Мащаб 21 см
380 ## - Жанр
Жанр Обществени науки
500 ## - Общи забележки
Забележка Офс. изд.
650 #4 - Допълнително описание по предмет – тема
Основно описание – тема или топоним Преход от тоталитаризъм към демокрация - България
9 (RLIN) 245662
651 #4 - Допълнително описание по предмет - топоним
Географско понятие България
9 (RLIN) 241624
653 ## - Ключова дума – ненормативна
Ключова дума посткомунизъм
653 ## - Ключова дума – ненормативна
Ключова дума преходно общество
852 ## - Местоположение
Форматна сигнатура Цб 237717
856 4# - Електронен адрес и достъп
Електронен формат pdf - файл
Път до файла /url/
856 4# - Електронен адрес и достъп
Електронен формат pdf - файл
Път до файла /url/
942 ## - АРТИКУЛИ
Вид на библиотечния материал Книги
Скрит в OPAC Не
944 ## - СЪЗДАВАНЕ И РЕДАКЦИЯ на ЗАПИСА
Създаване/Редакция Създаване
Дата на регистрацията/редакция 17.01.2008
Статус, дата на статуса ф /
Служител, извършил регистрацията/редакцията Людмила_Стоянова
944 ## - СЪЗДАВАНЕ И РЕДАКЦИЯ на ЗАПИСА
Създаване/Редакция Редакция
Дата на регистрацията/редакция 25.10.2011
Статус, дата на статуса ф /
Служител, извършил регистрацията/редакцията
999 ## - СИСТЕМНИ КОНТРОЛНИ НОМЕРА
Koha biblionumber 76052
Koha biblioitemnumber 76052
Наличности
Код за отписване Код за изгубен артикул Код за повреда Коз за рестрикции Код за отдаване Артикулен № Име на библиотеката - собственик Име на библиотеката, в която се намира в момента Статус (Текущо местоположение) Дата на вписване в системата Местоположение - отдел Цена в лева Инвентарен номер Систематично азбучна сигнатура Баркод Номер на екземпляра Цена в евро Служебна бележка Служебен тип на артикула
  Не е изгубен Не е повреден без рестрикции ползва се в читалня 123684 Регионална библиотека "Любен Каравелов" Русе Регионална библиотека "Любен Каравелов" Русе Хранилище 2008-01-17 Хранилище 0.00 120000722179 Цб 237717 120000722179 1 0.00 Дост: Dp Вид: Д N: 39 Дата: 06.09.2007 Книги
  Не е изгубен Не е повреден без рестрикции заемане за дома 123685 Регионална библиотека "Любен Каравелов" Русе Регионална библиотека "Любен Каравелов" Русе Заемна - подръчен фонд 2011-10-17 Заемна - подръчен фонд 12.00 120000753630 П 32/И 21 120000753630 2 6.14 Дост: DA Вид: А N: 15 Дата: 17.10.2011 Дата инв: 02.02.2018 Бележки инв: П2018 Книги
Vip Innovations Ltd, Rousse, Bulgaria 2025